<?xml version="1.0" encoding="UTF-8"?><?xml-stylesheet type="text/xsl" href="static/style.xsl"?><OAI-PMH xmlns="http://www.openarchives.org/OAI/2.0/" xmlns:xsi="http://www.w3.org/2001/XMLSchema-instance" xsi:schemaLocation="http://www.openarchives.org/OAI/2.0/ http://www.openarchives.org/OAI/2.0/OAI-PMH.xsd"><responseDate>2026-06-01T19:22:28Z</responseDate><request verb="GetRecord" identifier="oai:riubu.ubu.es:10259/8852" metadataPrefix="marc">https://riubu.ubu.es/oai/request</request><GetRecord><record><header><identifier>oai:riubu.ubu.es:10259/8852</identifier><datestamp>2024-03-20T01:05:17Z</datestamp><setSpec>com_10259_4219</setSpec><setSpec>com_10259_5086</setSpec><setSpec>com_10259_2604</setSpec><setSpec>col_10259_4220</setSpec></header><metadata><record xmlns="http://www.loc.gov/MARC21/slim" xmlns:doc="http://www.lyncode.com/xoai" xmlns:xsi="http://www.w3.org/2001/XMLSchema-instance" xmlns:dcterms="http://purl.org/dc/terms/" xsi:schemaLocation="http://www.loc.gov/MARC21/slim http://www.loc.gov/standards/marcxml/schema/MARC21slim.xsd">
<leader>00925njm 22002777a 4500</leader>
<datafield tag="042" ind1=" " ind2=" ">
<subfield code="a">dc</subfield>
</datafield>
<datafield tag="720" ind1=" " ind2=" ">
<subfield code="a">Santos García, Diego</subfield>
<subfield code="e">author</subfield>
</datafield>
<datafield tag="720" ind1=" " ind2=" ">
<subfield code="a">López Ariztegui, Nuria</subfield>
<subfield code="e">author</subfield>
</datafield>
<datafield tag="720" ind1=" " ind2=" ">
<subfield code="a">Cubo Delgado, Esther</subfield>
<subfield code="e">author</subfield>
</datafield>
<datafield tag="720" ind1=" " ind2=" ">
<subfield code="a">Vinagre Aragón, Ana</subfield>
<subfield code="e">author</subfield>
</datafield>
<datafield tag="720" ind1=" " ind2=" ">
<subfield code="a">García Ramos, Rocío</subfield>
<subfield code="e">author</subfield>
</datafield>
<datafield tag="720" ind1=" " ind2=" ">
<subfield code="a">Borrue, Carmen</subfield>
<subfield code="e">author</subfield>
</datafield>
<datafield tag="720" ind1=" " ind2=" ">
<subfield code="a">Fernández Pajarín, Gustavo</subfield>
<subfield code="e">author</subfield>
</datafield>
<datafield tag="720" ind1=" " ind2=" ">
<subfield code="a">Caballol, Núria</subfield>
<subfield code="e">author</subfield>
</datafield>
<datafield tag="720" ind1=" " ind2=" ">
<subfield code="a">Cabo López, Iria</subfield>
<subfield code="e">author</subfield>
</datafield>
<datafield tag="720" ind1=" " ind2=" ">
<subfield code="a">Barrios, José María</subfield>
<subfield code="e">author</subfield>
</datafield>
<datafield tag="720" ind1=" " ind2=" ">
<subfield code="a">Hernández Vara, Jorge</subfield>
<subfield code="e">author</subfield>
</datafield>
<datafield tag="720" ind1=" " ind2=" ">
<subfield code="a">Ávila Rivera, María A.</subfield>
<subfield code="e">author</subfield>
</datafield>
<datafield tag="720" ind1=" " ind2=" ">
<subfield code="a">Gasca-Salas, Carmen</subfield>
<subfield code="e">author</subfield>
</datafield>
<datafield tag="720" ind1=" " ind2=" ">
<subfield code="a">Escalante Arroyo, Sonia</subfield>
<subfield code="e">author</subfield>
</datafield>
<datafield tag="720" ind1=" " ind2=" ">
<subfield code="a">Manrique de Lara, P.</subfield>
<subfield code="e">author</subfield>
</datafield>
<datafield tag="720" ind1=" " ind2=" ">
<subfield code="a">Pérez Noguera, Rafael</subfield>
<subfield code="e">author</subfield>
</datafield>
<datafield tag="720" ind1=" " ind2=" ">
<subfield code="a">Álvarez Saúco, María</subfield>
<subfield code="e">author</subfield>
</datafield>
<datafield tag="720" ind1=" " ind2=" ">
<subfield code="a">Sierra, María</subfield>
<subfield code="e">author</subfield>
</datafield>
<datafield tag="720" ind1=" " ind2=" ">
<subfield code="a">Monje, Mariana H. G.</subfield>
<subfield code="e">author</subfield>
</datafield>
<datafield tag="720" ind1=" " ind2=" ">
<subfield code="a">Sánchez-Ferro, Álvaro</subfield>
<subfield code="e">author</subfield>
</datafield>
<datafield tag="720" ind1=" " ind2=" ">
<subfield code="a">Novo Pontes, Sabela</subfield>
<subfield code="e">author</subfield>
</datafield>
<datafield tag="720" ind1=" " ind2=" ">
<subfield code="a">Alonso-Frech, Fernando A.</subfield>
<subfield code="e">author</subfield>
</datafield>
<datafield tag="720" ind1=" " ind2=" ">
<subfield code="a">Macías García, Daniel</subfield>
<subfield code="e">author</subfield>
</datafield>
<datafield tag="720" ind1=" " ind2=" ">
<subfield code="a">Legarda, Inés</subfield>
<subfield code="e">author</subfield>
</datafield>
<datafield tag="720" ind1=" " ind2=" ">
<subfield code="a">Rojo, Ana</subfield>
<subfield code="e">author</subfield>
</datafield>
<datafield tag="720" ind1=" " ind2=" ">
<subfield code="a">Álvarez Fernández, Ignacio</subfield>
<subfield code="e">author</subfield>
</datafield>
<datafield tag="720" ind1=" " ind2=" ">
<subfield code="a">Buongiorno, María Teresa</subfield>
<subfield code="e">author</subfield>
</datafield>
<datafield tag="720" ind1=" " ind2=" ">
<subfield code="a">Pastor, Pau</subfield>
<subfield code="e">author</subfield>
</datafield>
<datafield tag="720" ind1=" " ind2=" ">
<subfield code="a">García Ruiz-Espiga, Pedro José</subfield>
<subfield code="e">author</subfield>
</datafield>
<datafield tag="260" ind1=" " ind2=" ">
<subfield code="c">2023-06</subfield>
</datafield>
<datafield tag="520" ind1=" " ind2=" ">
<subfield code="a">Background: STAT-ONTM is an objective tool that registers ON-OFF fluctuations making possible&#xd;
to know the state of the patient at every moment of the day in normal life. Our aim was to&#xd;
analyze the opinion of different Parkinson’s disease experts about the STAT-ONTM tool after&#xd;
using the device in a real clinical practice setting (RCPS).&#xd;
Methods: STAT-ONTM was provided by the Company Sense4Care to Spanish neurologists for using&#xd;
it in a RCPS. Each neurologist had the device for at least three months and could use it in PD&#xd;
patients at his/her own discretion. In February 2020, a survey with 30 questions was sent to all&#xd;
participants.&#xd;
Results: Two thirds of neurologists (53.8% females; mean age 44.9 ± 9 years old) worked in&#xd;
a Movement Disorders Unit, the average experience in PD was 16 ± 6.9 years, and 40.7% of&#xd;
them had previously used other devices. A total of 119 evaluations were performed in 114&#xd;
patients (range 2—9 by neurologist; mean 4.5 ± 2.3). STAT-ONTM was considered ‘‘quite’’ to&#xd;
‘‘very useful’’ by 74% of the neurologists with an overall opinion of 6.9 ± 1.7 (0, worst; 10,&#xd;
best). STAT-ONTM was considered better than diaries by 70.3% of neurologists and a useful tool&#xd;
for the identification of patients with advanced PD by 81.5%. Proper identification of freezing&#xd;
of gait episodes and falls were frequent limitations reported.&#xd;
Conclusion: STAT-ONTM could be a useful device for using in PD patients in clinical practice.</subfield>
</datafield>
<datafield tag="520" ind1=" " ind2=" ">
<subfield code="a">Introducción: STAT-ON es un dispositivo que registra las fluctuaciones on-off que permite&#xd;
conocer el estado del paciente con enfermedad de Parkinson (EP) en cada momento del día.&#xd;
Nuestro objetivo fue analizar la opinión de diferentes expertos en EP sobre STAT-ON, después&#xd;
de usar el dispositivo en un entorno de práctica clínica real (PCR).&#xd;
Métodos: STAT-ON fue proporcionado por la companía ˜ Sense4Care a neurólogos espanoles ˜ para&#xd;
usarlo en PCR. Cada neurólogo dispuso del dispositivo durante al menos tres meses y podía&#xd;
usarlo en pacientes con EP, según su criterio. En febrero de 2020, se envió una encuesta con 30&#xd;
preguntas a todos los participantes.&#xd;
Resultados: Dos tercios de los neurólogos (53,8% mujeres; edad promedio 44,9 ± 9 anos) ˜ trabajaban en una Unidad de Trastornos del Movimiento, con una experiencia en EP de 16 ± 6,9&#xd;
anos, ˜ habiendo el 40,7% usado otros dispositivos previamente. Se realizaron un total de 119&#xd;
evaluaciones en 114 pacientes (rango dos a nueve por neurólogo; media 4,5 ± 2,3). STAT-ON&#xd;
fue considerado «bastante» a «muy útil» por el 74% de los neurólogos, con una opinión general&#xd;
de 6,9 ± 1,7 (0, peor; 10, mejor). STAT-ON fue considerado mejor que los diarios por el 70,3%&#xd;
de los neurólogos y una herramienta útil para la identificación de pacientes con EP avanzada&#xd;
por un 81,5%. La identificación adecuada de los episodios de congelación de la marcha y las&#xd;
caídas fueron las limitaciones más reportadas.&#xd;
Conclusiones: STAT-ON podría ser un dispositivo útil para usar en la PCR</subfield>
</datafield>
<datafield tag="024" ind2=" " ind1="8">
<subfield code="a">0213-4853</subfield>
</datafield>
<datafield tag="024" ind2=" " ind1="8">
<subfield code="a">http://hdl.handle.net/10259/8852</subfield>
</datafield>
<datafield tag="024" ind2=" " ind1="8">
<subfield code="a">10.1016/j.nrl.2020.10.013</subfield>
</datafield>
<datafield ind1=" " ind2=" " tag="653">
<subfield code="a">Device</subfield>
</datafield>
<datafield ind1=" " ind2=" " tag="653">
<subfield code="a">Fluctuations</subfield>
</datafield>
<datafield ind1=" " ind2=" " tag="653">
<subfield code="a">Holter</subfield>
</datafield>
<datafield ind1=" " ind2=" " tag="653">
<subfield code="a">Monitoring</subfield>
</datafield>
<datafield ind1=" " ind2=" " tag="653">
<subfield code="a">Motor complications</subfield>
</datafield>
<datafield ind1=" " ind2=" " tag="653">
<subfield code="a">Parkinson’s disease</subfield>
</datafield>
<datafield ind1=" " ind2=" " tag="653">
<subfield code="a">Dispositivo</subfield>
</datafield>
<datafield ind1=" " ind2=" " tag="653">
<subfield code="a">Fluctuaciones</subfield>
</datafield>
<datafield ind1=" " ind2=" " tag="653">
<subfield code="a">Monitoreo</subfield>
</datafield>
<datafield ind1=" " ind2=" " tag="653">
<subfield code="a">Complicaciones motoras</subfield>
</datafield>
<datafield ind1=" " ind2=" " tag="653">
<subfield code="a">Enfermedad de Parkinson</subfield>
</datafield>
<datafield tag="245" ind1="0" ind2="0">
<subfield code="a">Clinical utility of a personalized and long-term monitoring device for Parkinson's disease in a real clinical practice setting: An expert opinion survey on STAT-ON™</subfield>
</datafield>
</record></metadata></record></GetRecord></OAI-PMH>